|
|
|
|
| LEADER |
01066nam a2200241 a 4500 |
| 001 |
16252256 |
| 008 |
120807s2010 bg b 001 0 eng d |
| 010 |
|
|
|a 2010318553
|
| 020 |
|
|
|a 9789848815281
|
| 040 |
|
|
|a DLC
|c DLC
|d DLC
|d BD-DhAAL
|
| 082 |
0 |
4 |
|a 333.720954
|2 22
|
| 100 |
1 |
|
|a Lama, Mahendra P.
|
| 245 |
1 |
0 |
|a Human security in India :
|b discourse, practices, and policy implications /
|c Mahendra P. Lama.
|
| 260 |
|
|
|a Dhaka :
|b Bangladesh Institute of International and Strategic Studies :
|b University Press,
|c 2010.
|
| 300 |
|
|
|a xxii, 344 p. ;
|c 22 cm.
|
| 490 |
0 |
|
|a South Asia human security series
|
| 504 |
|
|
|a Includes bibliographical references and index.
|
| 541 |
1 |
|
|e 00025757.
|
| 650 |
|
0 |
|a Human security
|z India.
|
| 710 |
2 |
|
|a Bangladesh Institute of International and Strategic Studies.
|
| 852 |
1 |
|
|a Ayesha Abed library
|c General Shelf
|
| 999 |
|
|
|c 12744
|d 12744
|
| 952 |
|
|
|0 0
|1 0
|2 ddc
|4 0
|6 333_720954000000000_LAM
|7 0
|9 21001
|a IGS
|b IGS
|c GEN
|d 2012-08-07
|e The University Press Limited
|g 600.00
|l 1
|m 2
|o 333.720954 LAM
|p 3010025757
|r 2014-06-09
|s 2013-02-14
|t 1
|w 2012-08-07
|y BK
|